[Event "Imperia op 29th"]
[Site "Imperia"]
[Date "1987.09.11"]
[Round "6.24"]
[White "Santiago Carruez, Berges"]
[Black "Leoncini, Mario"]
[Result "1-0"]
[WhiteElo "2000"]
[BlackElo "2072"]
[PlyCount "47"]
[EventDate "1987.09.06"]
[EventType "swiss"]
[EventRounds "8"]
[EventCountry "ITA"]
[SourceTitle "EXT 2023"]
[Source "ChessBase"]
[SourceDate "2022.10.05"]
[SourceVersion "1"]
[SourceVersionDate "2022.10.05"]
[SourceQuality "1"]

1. e4 c5 2. d4 cxd4 3. c3 Nf6 4. e5 Nd5 5. Nf3 Nc6 6. Bc4 Nb6 7. Bb3 d6 8. exd6 Qxd6 9. 0-0 e6 10. cxd4 Be7 11. Nc3 0-0 12. Qd3 Nd5 13. Ne4 Qd8 14. Rd1 b6 15. a3 a5 16. Ne5 Bb7 17. Qg3 Kh8 18. Ng5 Bxg5 19. Bxg5 f6 20. Ng6+ hxg6 21. Qh3+ Kg8 22. Qxe6+ Rf7 23. Bxd5 Qe7 24. Bf4 1-0